00289pab a2200109 454500008003600000100002000036245005400056650002200110650001200132650001600144773001900160180718b xxu||||| |||| 00| 0 eng d aDene, Elizabeth aMaternity rights for policewomen writhin the E.C. a Maternity Rights a Rights aPolicewomen aPolice Journal